Аpplicability Limits of the Infinite Scattering Medium Concept in Laser Sensing Problems; Fifteenth International Laser Radar Conference; Pt. 1

Detaylı Bibliyografya
Parent link:Fifteenth International Laser Radar Conference.— , 1990
Pt. 1.— 1990.— P. 389-391
Diğer Yazarlar: Goryachev B. V., Kabanov M. V., Larionov V. V. Vitaliy Vasilyevich, Mogil'nitsky S. B., Saveliev B. A.
Özet:В фонде НТБ ТПУ отсутствует
Dil:İngilizce
Baskı/Yayın Bilgisi: 1990
Konular:
Materyal Türü: MixedMaterials Kitap Bölümü
KOHA link:https://koha.lib.tpu.ru/cgi-bin/koha/opac-detail.pl?biblionumber=599444

MARC

LEADER 00000naa0a2200000 4500
001 599444
005 20250414134054.0
035 |a (RuTPU)RU\TPU\tpu\23509 
035 |a RU\TPU\tpu\22711 
090 |a 599444 
100 |a 20130821d1990 k||y0rusy50 ba 
101 0 |a eng 
102 |a RU 
200 1 |a Аpplicability Limits of the Infinite Scattering Medium Concept in Laser Sensing Problems  |f B. V. Goryachev [et al.] 
320 |a References: p. 391 (7 tit.) 
333 |a В фонде НТБ ТПУ отсутствует 
461 |t Fifteenth International Laser Radar Conference  |d 1990 
463 |t Pt. 1  |v P. 389-391  |d 1990 
610 1 |a труды учёных ТПУ 
701 1 |a Goryachev  |b B. V. 
701 1 |a Kabanov  |b M. V. 
701 1 |a Larionov  |b V. V.  |c physicist  |c Professor of Tomsk Polytechnic University, Doctor of Pedagogical Sciences  |f 1945-  |g Vitaliy Vasilyevich  |3 (RuTPU)RU\TPU\pers\30307  |4 070  |9 14653 
701 1 |a Mogil'nitsky  |b S. B. 
701 1 |a Saveliev  |b B. A. 
801 1 |a RU  |b 63413507  |c 20130131 
801 2 |a RU  |b 63413507  |c 20130821  |g RCR 
850 |a 63413507 
942 |c BK